000 00683nam a22002297a 4500
003 UA-OsUOA
001 51498
007 ta
008 20140910b un ||||| |||| 00| 0 ukr d
090 _a082
_bУ11
942 _cBK
040 _aUA-OsUOA
_bukr
_cUA-OsUOA
_dUA-OsUOA
245 _aУ 90-ліття Зиновія Книша
300 _a103 с.
955 _a4
041 _aukr
080 _a082
260 _aВінніпег
_bНаукова рада при С.К.У.
_c1996
650 7 _a08 Видання. Колективні праці
_2UDC
999 _c431623
_d431623